Cross-country evidence on motherhood employment and wage gaps: the role of work-family policies and their interaction/
Salvato in:
| Autore principale: | |
|---|---|
| Natura: | Libro |
| Lingua: | English |
| Accesso online: | texto completo |
| Tags: |
Aggiungi Tag
Nessun Tag, puoi essere il primo ad aggiungerne!!
|
MARC
| LEADER | 00000nam a22000007a 4500 | ||
|---|---|---|---|
| 003 | cru CIDCACS/IIS | ||
| 005 | 20181025062528.0 | ||
| 007 | ta | ||
| 008 | 181024s2017 -uk|||p|r||||||0| ||eng | | ||
| 999 | |c 41827 |d 41827 | ||
| 040 | |c cru CIDCACS/IIS | ||
| 100 | 1 | |a Cukrowska-Torzewska, Ewa |9 7852 | |
| 245 | 1 | |a Cross-country evidence on motherhood employment and wage gaps: |b the role of work-family policies and their interaction/ |c Ewa Cukrowska-Torzewska | |
| 300 | |a páginas178-220: |b tablas, gráficos | ||
| 773 | 0 | |0 40836 |9 2347 |d Reino Unido : Oxford University Press |o 18925 |t Social Politics: |x 10724745 | |
| 856 | |u https://academic.oup.com/sp/article/24/2/178/3884459 |y texto completo | ||
| 942 | |2 ddc |c PP | ||
